000
00369nam a2200169Ia 4500
003
0STCL
008
150530s9999 xx 000 0 und d
040
_a
STCL
_c
STCL
100
_a
Baburam Gupt
245
_a
Upnyaskar Nagarjan
260
_b
Shyam ; Jaipur
_c
1985
300
_a
0
546
_a
Hindi
942
_2
ddc
_c
BK
999
_c
65007
_d
65007
005
20220125171257.0